1779 1487 1335 1277 1676 1664 1589 1807 1466 1224 1875 1582 1092 1129 1851 1911 1391 1475 1474 1664 1818 1086 1834 1954 1967 1440 1257 1844 1107 1028 1247 1588 1336 1365 1816 1961 1357 1039 1940 1490 1172 1747 1952 1781 1564 1017 1749 1450 1669 1895 1845 1117 1902 1392 1150 1747 1812 1753 1083 1822 1342 1458 1445 1174 1723 1598 1925 1769 1873 1667 1042 1345 1907 1617 1631 1638 1278 1062 1004 1838 1306 1294 1151 1056 1223 1047 1136 1120 1491 1033 1175 1093 1768 1177 1393 1499 1450 1931 1856 BCNSPRNW ULIB Ver.6.0+V

เปลี่ยนเป็นภาษาไทย

Change to English
 แสดงรายละเอียดบรรณานุกรม
  กลับหน้าหลัก

Brief Record : Get Marc (ISO 2709) : E-mail record : QR code < ปิดหน้าต่าง
LEADER : 00000nam 2200000uu 4500
001    13399125399
003     ULIB
008    170524s2559||||th 000 0 tha d
020    ^a9786167902449
060 04 ^aWS104^bจ493พ
100 0  ^aจิรนันท์ วีรกุล
245 00 ^aพัฒนาการผิดปกติที่พบบ่อยในเด็กแรกเกิด-5ปี /^cจิรนันท์ วีรกุล
250    ^aพิมพ์ครั้งที่ 1
260    ^aพิษณุโลก :^bสำนักพิมพ์มหาวิทยาลัยนเรศวร, ^c2559
300    ^a89 หน้า ;^c26 ซม.
505 0  ^aพัฒนาการผิดปกติ -- พื้นอารมณ์ของเด็ก -- พัฒนาการด้านกล้ามเนื้อมัดใญ่ผิดปกติ -- พัฒนาการด้านกล้ามเนื้อมัดเล็กผิดปกติ -- พัฒนาการด้านการพูดและการสื่อความหมายล่าช้า -- พัฒนาการด้านสังคมและการช่วยเหลือตนเองผิดปกติ
650  4 ^aเด็ก
650  4 ^aพัฒนาการของเด็ก
650  4 ^aเด็ก^xการบริบาลและสุขวิทยา
945    ^p0^l0^i002199
945    ^p0^l0^i002200
945    ^p0^l0^i002201
945    ^p0^l0^i002202
945    ^p0^l0^i002203
945    ^p0^l0^i002204
945    ^p0^l0^i002205
945    ^p0^l0^i002206
945    ^p0^l0^i002207
945    ^p0^l0^i002208
945    ^p0^l0^i002209
945    ^p0^l0^i002210
999    ^aวรรณษา ชูชัยมงคล
รายการนี้ยังไม่มีแท็ก
คุณยังไม่ได้ล็อกอิน คุณสามารถมีกิจกรรมร่วมกับเว็บไซต์ได้ แต่ต้องล็อกอินก่อน ::
  ล็อกอิน

รายการสื่อสารสนเทศ

ลำดับที่ ประเภท เลขเรียก/บาร์โค้ด สถานที่ สถานะ
1. วิทยาศาสตร์การแพทย์ และสุขภาพ
วิทยาศาสตร์การแพทย์ และสุขภาพ
สถานะ=หนังสือเก่า
WS104 จ493พ ฉ.1 
  Barcode: 002199
ห้องสมุดวิทยาเขตสวรรค์ประชารักษ์
►ส่วนจัดเก็บหนังสือเก่า สปร
บนชั้น
  ขอยืม
2. วิทยาศาสตร์การแพทย์ และสุขภาพ
วิทยาศาสตร์การแพทย์ และสุขภาพ
สถานะ=หนังสือเก่า
WS104 จ493พ ฉ.10 
  Barcode: 002208
ห้องสมุดวิทยาเขตสวรรค์ประชารักษ์
►ส่วนจัดเก็บหนังสือเก่า สปร
บนชั้น
  ขอยืม
3. วิทยาศาสตร์การแพทย์ และสุขภาพ
วิทยาศาสตร์การแพทย์ และสุขภาพ
สถานะ=หนังสือเก่า
WS104 จ493พ ฉ.11 
  Barcode: 002209
ห้องสมุดวิทยาเขตสวรรค์ประชารักษ์
►ส่วนจัดเก็บหนังสือเก่า สปร
บนชั้น
  ขอยืม
4. วิทยาศาสตร์การแพทย์ และสุขภาพ
วิทยาศาสตร์การแพทย์ และสุขภาพ
สถานะ=หนังสือเก่า
WS104 จ493พ ฉ.12 
  Barcode: 002210
ห้องสมุดวิทยาเขตสวรรค์ประชารักษ์
►ส่วนจัดเก็บหนังสือเก่า สปร
บนชั้น
  ขอยืม
5. วิทยาศาสตร์การแพทย์ และสุขภาพ
วิทยาศาสตร์การแพทย์ และสุขภาพ
สถานะ=หนังสือเก่า
WS104 จ493พ ฉ.2 
  Barcode: 002200
ห้องสมุดวิทยาเขตสวรรค์ประชารักษ์
►ส่วนจัดเก็บหนังสือเก่า สปร
บนชั้น
  ขอยืม
6. วิทยาศาสตร์การแพทย์ และสุขภาพ
วิทยาศาสตร์การแพทย์ และสุขภาพ
สถานะ=หนังสือเก่า
WS104 จ493พ ฉ.3 
  Barcode: 002201
ห้องสมุดวิทยาเขตสวรรค์ประชารักษ์
►ส่วนจัดเก็บหนังสือเก่า สปร
บนชั้น
  ขอยืม
7. วิทยาศาสตร์การแพทย์ และสุขภาพ
วิทยาศาสตร์การแพทย์ และสุขภาพ
สถานะ=หนังสือเก่า
WS104 จ493พ ฉ.4 
  Barcode: 002202
ห้องสมุดวิทยาเขตสวรรค์ประชารักษ์
►ส่วนจัดเก็บหนังสือเก่า สปร
บนชั้น
  ขอยืม
8. วิทยาศาสตร์การแพทย์ และสุขภาพ
วิทยาศาสตร์การแพทย์ และสุขภาพ
สถานะ=หนังสือเก่า
WS104 จ493พ ฉ.5 
  Barcode: 002203
ห้องสมุดวิทยาเขตสวรรค์ประชารักษ์
►ส่วนจัดเก็บหนังสือเก่า สปร
บนชั้น
  ขอยืม
9. วิทยาศาสตร์การแพทย์ และสุขภาพ
วิทยาศาสตร์การแพทย์ และสุขภาพ
สถานะ=หนังสือเก่า
WS104 จ493พ ฉ.6 
  Barcode: 002204
ห้องสมุดวิทยาเขตสวรรค์ประชารักษ์
►ส่วนจัดเก็บหนังสือเก่า สปร
บนชั้น
  ขอยืม
10. วิทยาศาสตร์การแพทย์ และสุขภาพ
วิทยาศาสตร์การแพทย์ และสุขภาพ
สถานะ=หนังสือเก่า
WS104 จ493พ ฉ.7 
  Barcode: 002205
ห้องสมุดวิทยาเขตสวรรค์ประชารักษ์
►ส่วนจัดเก็บหนังสือเก่า สปร
บนชั้น
  ขอยืม
11. วิทยาศาสตร์การแพทย์ และสุขภาพ
วิทยาศาสตร์การแพทย์ และสุขภาพ
สถานะ=หนังสือเก่า
WS104 จ493พ ฉ.8 
  Barcode: 002206
ห้องสมุดวิทยาเขตสวรรค์ประชารักษ์
►ส่วนจัดเก็บหนังสือเก่า สปร
บนชั้น
  ขอยืม
12. วิทยาศาสตร์การแพทย์ และสุขภาพ
วิทยาศาสตร์การแพทย์ และสุขภาพ
สถานะ=หนังสือเก่า
WS104 จ493พ ฉ.9 
  Barcode: 002207
ห้องสมุดวิทยาเขตสวรรค์ประชารักษ์
►ส่วนจัดเก็บหนังสือเก่า สปร
บนชั้น
  ขอยืม

รายการใกล้เคียง
    ผู้แต่ง [จิรนันท์ วีรกุล]

    หัวเรื่อง [เด็ก]
    หัวเรื่อง [พัฒนาการของเด็ก]

BibComment


ยังไม่เคยถูกคอมเมนท์

คอมเมนท์ทรัพยากรรายการนี้
  คอมเมนท์: พัฒนาการผิดปกติท..


 Copyright 2026. Bcnsprnw @Library